000 00716nam a2200265Ia 4500
003 OSt
005 20221006143911.0
006 a|||||r|||| 00| 0
007 ta
008 221006b |||||||| |||| 00| 0 eng d
020 _c370.87
024 _a10,350
037 _cTextual
040 _aEASL
_cEASL
_beng
041 _2eng
_aeng
082 _aW.4.N8, M5
100 _aPYE Lucian W.
245 0 _aAsian power and politics
_b The cultural dimensions of authority
260 _aCambridge
_bHarvard University Press
_c1985
300 _a414p.
_ccm.
490 _v Oth
700 _a PYE Mary W.
942 _hW.4.N8, M5
_cTEXL
_2CC
999 _c1078436
_d1078436